Регионална библиотека "Любен Каравелов" - Русе

Медико-педагогически проблеми на подрастващото поколение (Запис номер 447345)

MARC детайли
000 -Лидер
Контролно поле с фиксирана дължина 01699nam a2200301 a 4500
003 - Код на организацията, давaща контролен номер
Контролно поле BLK
005 - Дата и час на последна редакция
Контролно поле 20230628140858.0
008 - Елементи от данни с фиксирана дължина
fixed length control field 180411b bul|||||r ||||||| ||bul||
010 ## - Наследен системен номер
LC control number KNG00174969000
040 ## - Източник на каталожния запис
Идентификатор на билиотеката - собственик на записа BLK
041 ## - Код за език
Код за езика на текст/звукозапис или на отделно заглавие Български
Код за езика КДБФ Български
080 ## - УДК
Текстов определител УДК Здравословно състояние и здравеопазване на учениците. Общо здравно състояние на учащите се. Училищна хигиена. Вж и 613;796/799
УДК код - определител по УДК 37.091.212:614
УДК определител (062)
УДК - код + определител 37.091.212:614(062)
139 ## - Редно поле
Редна дума Медико-педагогически проблеми на подрастващото поколение
Авторски знак Мед - М 45
245 ## - Сведения за заглавието
Заглавие Медико-педагогически проблеми на подрастващото поколение
Подзаглавни данни науч.-практ. конф. в чест на Международната година на детето
Физически носител (вид на носителя) [малотир. изд.]
257 ## - Страна на издаване
Страна на създаване/издаване България
260 ## - Област на издателските данни
Година на издаване 1979
9 (RLIN) 471198
Място на издаване, разпространение и проч. Русе
300 ## - Физическа характеристика
Страници 123 с.
Размери/Мащаб 20 см
Илюстрации и др. с табл.
380 ## - Жанр
Жанр Обществени науки
500 ## - Общи забележки
Забележка Изд. на Окръжен народен съвет - Русе, Окръжен съвет на българските професионални съюзи - Русе, Дружество на научните работници, секция Медицина и педагогика.
650 #0 - Допълнително описание по предмет – тема
Основно описание – тема или топоним Училищна хигиена
9 (RLIN) 257958
650 #7 - Допълнително описание по предмет – тема
Основно описание – тема или топоним Медицина
9 (RLIN) 161604
651 #4 - Допълнително описание по предмет - топоним
Географско понятие Русе
9 (RLIN) 179462
653 #7 - Ключова дума – ненормативна
Ключова дума медицина
9 (RLIN) 190721
653 #7 - Ключова дума – ненормативна
Ключова дума конференции
9 (RLIN) 189119
852 ## - Местоположение
Форматна сигнатура К 37.09/М 45
Фондова буква Краезнание
999 ## - СИСТЕМНИ КОНТРОЛНИ НОМЕРА
Koha biblionumber 447345
Koha biblioitemnumber 447345
942 ## - АРТИКУЛИ
Вид на библиотечния материал Книги
Скрит в OPAC Не
Периодичен библиозапис Да
Koha issues (borrowed), all copies 1
944 ## - СЪЗДАВАНЕ И РЕДАКЦИЯ на ЗАПИСА
Създаване/Редакция Създаване
Дата на регистрацията/редакция 2022-03-07
Статус, дата на статуса 2022-03-07
Служител, извършил регистрацията/редакцията Ренета Константинова
Наличности
Код за отписване Код за изгубен артикул Източник на класификационната схема Код за повреда Коз за рестрикции Код за отдаване Артикулен № Име на библиотеката - собственик Име на библиотеката, в която се намира в момента Статус (Текущо местоположение) Дата на вписване в системата Местоположение - отдел Цена в лева Систематично азбучна сигнатура Баркод Цена в евро Служебен тип на артикула
  Не е изгубен Universal Decimal Classification Не е повреден само за читалня ползва се в читалня 876121 Регионална библиотека "Любен Каравелов" Русе Регионална библиотека "Любен Каравелов" Русе Краезнание 2022-03-17 Краезнание 2.00 К 37.09/М 45 120000869078 1.02 Книги
Vip Innovations Ltd, Rousse, Bulgaria 2025